Job satisfaction of employees in banks / (Record no. 38534)

MARC details
000 -LEADER
fixed length control field 00846nam a22002297a 4500
008 - FIXED-LENGTH DATA ELEMENTS--GENERAL INFORMATION
fixed length control field 081212t xxu||||| |||| 00| 0beng d
010 ## - LCCN (DPL NO)
LC control number ENG-97589
020 ## - INTERNATIONAL STANDARD BOOK NUMBER
Terms of availability 120.00
International Standard Book Number 9789380530062
035 ## - SYSTEM CONTROL NUMBER
System control number EN-81122
037 ## - SOURCE OF ACQUISITION
Source of stock number/acquisition DBAD / PUB
040 ## - CATALOGING SOURCE
Original cataloging agency dpl
Language of cataloging English
082 ## - DEWEY DECIMAL CLASSIFICATION NUMBER
Classification number 331.25
100 ## - MAIN ENTRY--PERSONAL NAME
9 (RLIN) 3724
Personal name Gomathi, V.
245 ## - TITLE STATEMENT
Title Job satisfaction of employees in banks /
Statement of responsibility, etc by V. Gomathi
260 ## - PUBLICATION, DISTRIBUTION, ETC. (IMPRINT)
Place of publication, distribution, etc Tiruchirappalli
Name of publisher, distributor, etc Agasthiar Noolagam
Date of publication, distribution, etc 2009
270 ## - ADDRESS
Address 119, North Pillaiyar Kovil Street, Varaganeri,
City Tiruchirappalli
Postal code 642008
300 ## - PHYSICAL DESCRIPTION
Extent 95p.
Dimensions 21cm (pbk)
600 ## - SUBJECT ADDED ENTRY--PERSONAL NAME
Personal name Baba Visakha Singh
General subdivision Biography.
9 (RLIN) 3725
700 ## - ADDED ENTRY--PERSONAL NAME
9 (RLIN) 3799
942 ## - ADDED ENTRY ELEMENTS (KOHA)
Source of classification or shelving scheme Dewey Decimal Classification
Item type English Books
Call number suffix GOM
Classification part 331.25
Holdings
Withdrawn status Lost status Source of classification or shelving scheme Damaged status Not for loan Collection code Home library Current library Date acquired Source of acquisition Cost, normal purchase price Total Checkouts Full call number Barcode Date last seen Copy number Cost, replacement price Koha item type
    Dewey Decimal Classification   Not For Loan Non-fiction D.B.Act.Division D.B.Act.Division 02/08/2010 DBAD/PUB 120.00   331.25 GOM EN-81122 02/08/2010 1 120.00 English Books

© Delhi Public Library
Hit Counter
free hit counter